The encounter. (Запис № 492619)

МАРК-запис
000 -LEADER
fixed length control field 01112cam a22002771 4500
001 - CONTROL NUMBER
control field encounter00powe
003 - CONTROL NUMBER IDENTIFIER
control field CaSfIA
005 - DATE AND TIME OF LATEST TRANSACTION
control field 20210118004403.0
007 - PHYSICAL DESCRIPTION FIXED FIELD--GENERAL INFORMATION
fixed length control field cr||||
008 - FIXED-LENGTH DATA ELEMENTS--GENERAL INFORMATION
fixed length control field 780524s1950 nyu 000 1 eng
035 ## - SYSTEM CONTROL NUMBER
-- (DLC) 50008116
010 ## - LIBRARY OF CONGRESS CONTROL NUMBER
LC control number 50008116
035 ## - SYSTEM CONTROL NUMBER
System control number (OCoLC)3924333
040 ## - CATALOGING SOURCE
Original cataloging agency DLC
Transcribing agency MChB
Modifying agency DLC
-- CaSfIA
042 ## - AUTHENTICATION CODE
Authentication code premarc
050 00 - LIBRARY OF CONGRESS CALL NUMBER
Classification number PZ3.P8717
Item number En
100 1# - MAIN ENTRY--PERSONAL NAME
Personal name Power, Crawford.
245 14 - TITLE STATEMENT
Title The encounter.
Medium [electronic resource]
260 ## - PUBLICATION, DISTRIBUTION, ETC. (IMPRINT)
Place of publication, distribution, etc New York,
Name of publisher, distributor, etc Sloane
Date of publication, distribution, etc [1950]
300 ## - PHYSICAL DESCRIPTION
Extent 310 p.
Dimensions 22 cm.
506 ## - RESTRICTIONS ON ACCESS NOTE
Standardized terminology for access restriction Необхідна авторизація на https://archive.org/ (створення облікового запису безкоштовно)
506 ## - RESTRICTIONS ON ACCESS NOTE
Standardized terminology for access restriction Необхідна авторизація на https://openlibrary.org/ (створення облікового запису безкоштовно)
856 41 - ELECTRONIC LOCATION AND ACCESS
Uniform Resource Identifier <a href="http://www.archive.org/details/encounter00powe">http://www.archive.org/details/encounter00powe</a>
Public note Free eBook from the Internet Archive
856 42 - ELECTRONIC LOCATION AND ACCESS
Uniform Resource Identifier <a href="http://www.openlibrary.org/books/OL6069663M">http://www.openlibrary.org/books/OL6069663M</a>
Public note Additional information and access via Open Library
942 ## - ADDED ENTRY ELEMENTS (KOHA)
Koha item type ЕКнига

Немає доступних примірників.